| 000 | 00449nam a2200169 4500 | ||
|---|---|---|---|
| 003 | SEACOMMC | ||
| 005 | 20250426123217.0 | ||
| 008 | 241206b |||||||| |||| 00| 0 eng d | ||
| 020 |
_a978-00-6087-897-9 _cRs.125.00 |
||
| 040 | _aSEACOMMC | ||
| 082 |
_a 658 _bD 794 |
||
| 100 | _a Drucker, Peter F | ||
| 245 | 1 |
_aThe Practice of Management _c Peter F Drucker |
|
| 260 |
_aNew Delhi _bAllied Publishers _c 1975 |
||
| 650 | _a Management | ||
| 942 | _cBOOK | ||
| 999 |
_c835 _d835 |
||